| 000 | 00656nam a2200145 a 4500 | ||
|---|---|---|---|
| 008 | 060508s2005 xx |||||||||||||| || u | ||
| 050 | _aTHESIS/STUDENT | ||
| 100 | _aPule, Bwalya Charles | ||
| 245 | 1 | 0 |
_aUpgrading of National College for Management and Development Studies into a university _cthesis supervised by C.Chifunda |
| 260 |
_a _bCopperbelt University, School of Built Environment, Department of Architecture _c2005 |
||
| 350 | _a0.00 | ||
| 650 | _aARCHITECTRURE--ZAMBIA | ||
| 650 | _aTEXTBOOKS | ||
| 995 |
_D0.00 _FCBU-MAIN LIBRARY (Kitwe) _H1 _I0.00 _M1 _UAVAILABLE _WMay 8, 2006 _ZUniversity Collection |
||
| 999 |
_c60964 _d60964 |
||